| 000 | 00679nac a22002051u 4500 | ||
|---|---|---|---|
| 010 | _a 00106991 | ||
| 020 | _a0789724804 | ||
| 082 | 0 | 0 |
_a005.432 _bG6591 |
| 090 |
_c4433 _d4433 |
||
| 100 | _aGookin, Dan. | ||
| 245 | 1 | 0 | _aDan Gookin teaches Microsoft Windows Me. |
| 246 | 3 | 0 | _aMicrosoft Windows Me |
| 246 | 3 | 0 | _aWindows Me |
| 250 | _aMillennium ed. | ||
| 260 |
_aIndianapolis, Ind. : _bQue, _cc2001. |
||
| 300 |
_axi, 577 p. : _bill. ; _c23 cm. |
||
| 650 | 0 | _aOperating systems (Computers) | |
| 942 |
_cBB _k005.432G6591 |
||
| 999 |
_c4433 _d4433 |
||